Score 0/24 Timer 04:00
0 Plays Today
BOOK TITLE ANSWER % Correct
The Da ____ CodeVinci
99%
The Devil Wears ____Prada
90.6%
Diary of a ____ KidWimpy
80.3%
The Decline and Fall of the ____ EmpireRoman
79.5%
David ____Copperfield
74.2%
Don ____Quixote
68%
Death on the ____Nile
58.9%
Doctor ____Zhivago
58.5%
The Divine ____Comedy
53.4%
Dear ____John
48.3%
Do Androids Dream of ____ Sheep?Electric
42%
The Day of the ____Jackal
33.9%
BOOK TITLE ANSWER % Correct
Das ____Kapital
31.2%
The Death of ____ IlyichIvan
28.2%
Death in ____Venice
26.7%
The Diving-Bell and the ____Butterfly
25.2%
Democracy in ____America
24.6%
Darkness at ____Noon
19.1%
Death Comes for the ____Archbishop
16.9%
A Dance with ____Dragons
14.8%
Daniel ____Deronda
11.6%
The Double ____Helix
11.3%
The Dharma ____Bums
9.3%
Dress Your Family in ____ and DenimCorduroy
8.8%

Today's Daily Dose

Remove Ads.
Support Sporcle.
Get the best of Sporcle when you Go Orange. This ad-free experience offers more features, more stats, and more fun while also helping to support Sporcle. Thank you for becoming a member.

You're not logged in!

Compare scores with friends on all Sporcle quizzes.
OR
Log In

Show Comments

Extras

Top Quizzes Today


Score Distribution

Your Account Isn't Verified!

In order to create a playlist on Sporcle, you need to verify the email address you used during registration. Go to your Sporcle Settings to finish the process.

Report this User

Report this user for behavior that violates our Community Guidelines.

Details: